Dodatočné daňové priznanie k dani z pridanej hodnoty a sankčný systém

Dokončenie článku z predchádzajúceho čísla.

Uložené v:
Podrobná bibliografia
Hlavný autor: Mečár, Miroslav
Ďalší autori: Jurčíková, Božena
Médium: Kapitola
Jazyk:Slovak
Predmet:
Tagy: Pridať tag
Žiadne tagy, Buďte prvý, kto otaguje tento záznam!

MARC

LEADER 00000naa a2200000 4500
001 0123216
005 20231127100712.1
041 0 |a slo 
044 |a SK 
245 1 0 |a Dodatočné daňové priznanie k dani z pridanej hodnoty a sankčný systém  |c Miroslav Mečár, Božena Jurčíková 
520 |a Dokončenie článku z predchádzajúceho čísla. 
610 2 0 |a priznania daňové 
610 2 0 |a sankcie 
610 2 0 |a dane z hodnoty pridanej 
100 1 |a Mečár, Miroslav 
700 1 |a Jurčíková, Božena